The Weeknd - Chansons commençants par F - Statistiques

Statistiques générales
  • Ce quiz a été pris 11 fois
  • Le résultat moyen est 1 sur 7
Statistiques - réponses
F % Correct
The Fall
60%
Faith
40%
False Alarm
40%
False Idols (feat. Lil Baby & Suzanna Son)
0%
Family (feat. Suzanna Son)
0%
Fill the Void (feat. Lily-Rose Depp & Ramsey)
0%
Final Lullaby
0%
Aucun quiz correspondant
Distribution des résultats
% des personnes avec chaque résultat
Percentile par nombre de réponses
Votre historique - résultats
Vous n’avez pas pris ce quiz